<?xml version="1.0" encoding="UTF-8"?>
<collection xmlns="http://www.loc.gov/MARC21/slim">
 <record>
  <leader>00638pamaa2200193   4500</leader>
  <controlfield tag="001">0000053788</controlfield>
  <controlfield tag="005">20160212090000.0</controlfield>
  <controlfield tag="008">160122s2014         eng</controlfield>
  <datafield tag="020" ind1=" " ind2=" ">
   <subfield code="a">9782940496316 (pbk) </subfield>
  </datafield>
  <datafield tag="090" ind1="0" ind2="0">
   <subfield code="a">NK1520 </subfield>
   <subfield code="b">ALL 2014</subfield>
  </datafield>
  <datafield tag="100" ind1="1" ind2="0">
   <subfield code="a">Allanwood </subfield>
  </datafield>
  <datafield tag="245" ind1="1" ind2="0">
   <subfield code="a">User experience design : </subfield>
   <subfield code="b">creating designs users really love  </subfield>
   <subfield code="c">Gavin Allanwood, Peter Beare.</subfield>
  </datafield>
  <datafield tag="260" ind1=" " ind2=" ">
   <subfield code="a">London UK: </subfield>
   <subfield code="b">Bloomsbury, </subfield>
   <subfield code="c">2014.</subfield>
  </datafield>
  <datafield tag="300" ind1=" " ind2=" ">
   <subfield code="a">183p.: </subfield>
   <subfield code="b">col. ill.; </subfield>
   <subfield code="c">24 cm.</subfield>
  </datafield>
  <datafield tag="504" ind1=" " ind2=" ">
   <subfield code="a">Includes bibliographical references and index</subfield>
  </datafield>
  <datafield tag="650" ind1="0" ind2="0">
   <subfield code="a">Design -- </subfield>
   <subfield code="x">Human factors </subfield>
  </datafield>
  <datafield tag="650" ind1="0" ind2="0">
   <subfield code="a">Design -- </subfield>
   <subfield code="x">methodology </subfield>
  </datafield>
  <datafield tag="700" ind1="1" ind2="0">
   <subfield code="a">Beare, </subfield>
   <subfield code="h">Peter </subfield>
  </datafield>
  <datafield tag="901" ind1=" " ind2=" ">
   <subfield code="u">http://www..bloomsbury.com</subfield>
  </datafield>
 </record>
</collection>
